内布拉斯加州县中文版 (地图) - Statistics

General Stats
  • This quiz has been taken 9 times
  • The average score is 6 of 93
Answers on the Map
Answers color-coded by a green-red scale on the quiz's map according to % correct below.
 
Answer Stats
% Correct
苏/Sū
100%
道格拉斯/Dàogélāsī
50%
卡斯/Kǎ sī
50%
兰开斯特/Lán kāi sī tè
50%
林肯/Línkěn
50%
普拉特/Pǔ lā tè
50%
切里/Qiè lǐ
50%
萨皮/Sà pí
50%
斯科茨布拉夫/Sī kē cí bù lāfū
50%
夏延/Xià yán
50%
安蒂洛普/Ān dì luò pǔ
0%
奥托/Ào tuō
0%
阿瑟/Ā sè
0%
班纳/Bān nà
0%
巴特勒/Bātè lēi
0%
波尔克/Bō ěr kè
0%
博克斯比特/Bókè sī bǐtè
0%
波尼/Bō ní
0%
伯特/Bó tè
0%
博伊德/Bó yī dé
0%
布恩/Bù ēn
0%
布莱恩/Bù lái ēn
0%
布朗/Bù lǎng
0%
蔡斯/Cài sī
0%
达科他/Dákētā
0%
丹地/Dān de
0%
道奇/Dàoqí
0%
道生/Dàoshēng
0%
道斯/Dào sī
0%
迪克森/Díkè sēn
0%
杜尔/Dù ěr
0%
菲尔莫尔/Fēi ěr mò ěr
0%
费尔普斯/Fèi ěr pǔ sī
0%
富尔纳斯/Fù ěr nà sī
0%
弗兰蒂尔/Fú lán dì ěr
0%
富兰克林/Fùlánkèlín
0%
盖奇/Gài qí
0%
高斯帕/Gāosī pà
0%
格兰特/Gélántè
0%
格里利/Gé lǐ lì
0%
海斯/Hǎi sī
0%
哈伦/Hā lún
0%
汉密尔顿/Hànmì'ěrdùn
0%
华盛顿/Huáshèngdùn
0%
惠勒/Huì lēi
0%
胡克尔/Hú kè ěr
0%
霍尔/Huò ěr
0%
霍尔特/Huò ěr tè
0%
霍华德/Huò huá dé
0%
加登/Jiā dēng
0%
加菲尔德/Jiā fēi er dé
0%
杰佛逊/Jié fú xùn
0%
金博尔/Jīn bó ěr
0%
基斯/Jī sī
0%
基亚帕哈/Jī yà pà hā
0%
卡尼/Kǎ ní
0%
卡斯特/Kǎ sī tè
0%
科尔法克斯/Kē ěr fǎ kè sī
0%
克莱/Kè lái
0%
库名/Kù míng
0%
雷德威洛/Léi dé wēi luò
0%
理查森/Lǐchásēn
0%
洛根/Luò gēn
0%
罗克/Luō kè
0%
卢普/Lú pǔ
0%
麦迪逊/Màidí xùn
0%
麦克弗森/Màikè fú sēn
0%
梅里克/Méilǐ kè
0%
莫勒尔/Mò lēi ěr
0%
纳科尔斯/Nà kē ěr sī
0%
南斯/Nán sī
0%
尼马哈/Ní mǎ hā
0%
诺克斯/Nuò kè sī
0%
皮尔斯/Pí'ěrsī
0%
珀金斯/Pò jīn sī
0%
塞耶/Sāi yé
0%
萨林/Sà lín
0%
桑德斯/Sāng dé sī
0%
瑟斯顿/Sè sī dùn
0%
水牛/Shuǐ niú
0%
斯坦顿/Sītǎn dùn
0%
苏华德/Sū huá dé
0%
托马斯/Tuōmǎsī
0%
瓦利/Wǎ lì
0%
韦伯斯特/Wéibó sī tè
0%
韦恩/Wěi ēn
0%
锡达/Xī dá
0%
谢尔曼/Xiè ěr màn
0%
谢里丹/Xièlǐdān
0%
希奇科克/Xīqí kē kè
0%
亚当斯/Yàdāngsī
0%
约翰逊/Yuēhànxùn
0%
约克/Yuēkè
0%
No matching quizzes found
Score Distribution
Percent of People with Each Score
Percentile by Number Answered
Your Score History
You have not taken this quiz